Me And Your Mama - Childish Gambino - All Lyrics - Statistics

General Stats
  • This quiz has been taken 126 times
  • The average score is 180 of 222
Answer Stats
Answer % Correct
a
100%
ah!
100%
oh
100%
Oh,
100%
oh,
100%
Oh
100%
woo!
100%
I
99%
you
99%
You
99%
you,
99%
me
98%
me?
98%
in
97%
love
95%
when
95%
we
92%
I'm
91%
I'ma
91%
your
90%
Let
86%
let
86%
that
86%
are
85%
la-la
85%
la-la-la
85%
heart
83%
So
83%
smoking
82%
is
80%
the
80%
into
79%
This
79%
this
79%
know
78%
us
77%
girl,
74%
girl
74%
Girl,
74%
and
72%
of
70%
really
69%
see
69%
end
67%
Do
66%
hold
66%
hold,
66%
apart
64%
falling
64%
it,
64%
on
64%
telling
63%
got
62%
just
62%
can
61%
puppy
61%
They
61%
want
61%
wanna
60%
what
60%
with
60%
isn't
57%
Can't
55%
moon
55%
backhanded
54%
stars
54%
get
52%
stand
52%
where
52%
Sleeping
46%
been,
40%
god
37%
God,
37%
no
36%
my
32%
like
29%
ain't
25%
bullshit,
20%
then
18%
far
16%
near
15%
No matching quizzes found
Score Distribution
Percent of People with Each Score
Percentile by Number Answered
Your Score History
You have not taken this quiz